Jana Majeská oplatilo sa zostať verná

Podrobná bibliografia
Hlavní autori: Ostricová, Marta (Autor, Tazateľ), Majeská, Jana, 1973- (Autor)
Médium: Článok
Jazyk:slovenčina
Fyzický popis:Fotogr.
ISSN:0139-7451
Predmet:

MARC

LEADER 00000nab a2200000 ar4500
001 vtls008771333
003 SK-MaSNL
005 20260303071548.0
008 060608c2005 xo wr|p|||||||000 b|slo
015 |a SNBRB2006/04  |2 snkbucl 
038 |a SNKBUCL 
040 |a SNKBUCL  |b slo  |c SNKBUCL  |e AACR2 
041 0 |a slo 
044 |a xo  |c SK 
080 |a 7.097.071.2  |2 2001 
080 |a 929 Majeská, Jana  |2 2001 
100 1 |a Ostricová, Marta  |4 aut  |4 ivr  |9 841333 
245 1 0 |a Jana Majeská  |b oplatilo sa zostať verná  |c rozhovor: Marta Ostricová 
300 |b Fotogr. 
600 1 7 |a Majeská, Jana,  |d 1973-   |2 snkbucl  |9 98946 
700 1 |a Majeská, Jana,  |d 1973-   |4 aut  |4 ive  |9 98946 
773 0 |t Eurotelevízia  |g Roč. 15, č. 42 (2005), s. 6-8  |x 0139-7451 
852 |a SNK  |b KIS3GCP 
958 |a BX 
958 |a SK 
999 |c 1760439  |d 1762369